000 00399nam a22001457a 4500
005 20200523144840.0
008 200523b xxu||||| |||| 00| 0 eng d
082 _a340
110 _aThe All India ReporterLtd.
_95743
245 _aThe All India Reporter 1985 (VOL-72) SUPREME COURT Section
260 _aBOMBAY
_bThe All India Reporter Ltd.
300 _a96 p.
650 _aLAW
_95701
942 _cJRL
999 _c6455
_d6453